| 000 | 00593nam a2200217Ia 4500 | ||
|---|---|---|---|
| 003 | OSt | ||
| 005 | 20241007072624.0 | ||
| 008 | 240925s9999 xx 000 0 und d | ||
| 020 | _a321356969 | ||
| 040 | _cdf | ||
| 082 | _a512 HOR | ||
| 100 | _aHornsby, John ; Lial ,Margaret L. | ||
| 245 | 2 | _aA Graphical Approach to Precalculus with Limits: a unit circle approach | |
| 250 | _a4th | ||
| 260 |
_aAustralia: _bPearson Educ _c,2007. |
||
| 300 |
_a939p. _b0 _fOriginal |
||
| 500 | _aIncludes Index | ||
| 600 | _aHumanities & Natural Science | ||
| 650 | _aMathematics | ||
| 942 |
_cBK _2ddc |
||
| 999 |
_c14594 _d14594 |
||